Movies Quiz

Random Movies or Clickable Quiz

80's Movie Questions 2: Electric Boogaloo Quiz Stats

 Plays Quiz not verified by Sporcle

Score 0/40 Timer 15:00
1 Play Today
% Correct
Canvas. JC Penney, $3.98. You like?
73.5%
I don't know - they were jammies! They had Yodas 'n' sh!t on 'em!
73.5%
Apes don't read philosophy.
72.4%
S-s-s-s-s-s-s-six...
70.3%
He can't get the goddamn washing machine to work.
69.2%
Screw second!
68.6%
'Cause you're small. Small. S - M - all.
68.1%
No, I don't want to go over the list! OK, let's go over the list.
68.1%
No, I'm a Veronica...Sawyer.
67%
Oh, I've given you no word to keep, Admiral. In my judgment, you simply have no alternative.
65.9%
That's a good question. Let me see... in my case, you know, I hate to advocate drugs or liquor, violence, insanity to anyone. But in my case, it worked.
63.2%
How about some Windex, Grandpa?
63.2%
We die.
61.1%
Could you get me a Chunky?
58.9%
Well, I like to cover my bets.
57.3%
I hope so. I'm wearing his underwear.
55.7%
No! No, but I used to like to beat him up, y’know? I’d grab him, I’d go “Why are you so fat?!?! Why are you so fat?!?!” And I’d beat the sh!t out of him! YAAAHHGGH!
53%
To crush your enemies...see them driven before you...and to hear the lamentations of their women.
51.4%
(After hushed discussion) Yes. We believe it is.
51.4%
From the Tooth Fairy!
50.8%
% Correct
Since never.
50.3%
Loud and clear. I'll proceed to the building and you follow me in.
50.3%
Pain.
48.6%
Even with these sights we have a target a hundred yards away, maybe more, we've never fired these weapons before, there's a definite wind factor, AND we have a problem with the sun!
47.6%
Yeah. Think of all the needless suffering that could've ended there!
41.1%
I think it's safe to say that.
37.3%
Oh, yeah. I can see you, Dr. Death. You better watch out, Dr. Death! I'm pretty damn fast for a Caucasian.
34.6%
Not now. I'm too tired. Maybe later.
31.4%
I believe you'd call him a Neanderthal man.
30.8%
Dammit, Neil, the name is Nuwanda.
29.7%
Can I have my lighter back, Reggie?
27.6%
I hope you're right. 'Cause if that thing tries to kill me, you kill me first!
24.3%
We got an alibi, Captain. Snake, tell him where we were or we'll kill you, too.
24.3%
This is a government agency, you know we don't have a sense of humor.
23.2%
Uh, well, yes. As I say, Inspector, I heard this large explosion and I rushed out, I couldn't tell what was going on. I saw the car over there in flames and all these strange little characters, you know, with towels on their heads, weird little goatees and stuff, running around yelling 'Ayatollah, Ayatollah'. Then they all got in a car and drove away. I guess it was Iranian students out to discredit the American way of life. I can't imagine who else would do such a thing.
22.7%
It's been a year and a half. Surely, they've repaired the wall of the bandstand by now.
21.6%
Four foot one.
18.9%
I'm talking to somebody's somebody. I will know in about 25 minutes.
18.4%
You're not gonna believe this. I was in a hurry when I left the cabin this morning and, well, silly me, I got the wrong bullets.
18.4%
What is the matter with you two? We have got to get the - who is that?
15.7%

You're not logged in!

Compare scores with friends on all Sporcle quizzes.
OR
Log In

Show Comments

Extras

Top Quizzes Today


Score Distribution

Your Account Isn't Verified!

In order to create a playlist on Sporcle, you need to verify the email address you used during registration. Go to your Sporcle Settings to finish the process.

Report this User

Report this user for behavior that violates our Community Guidelines.

Details: